000 00716nam a22002417a 4500
003 UA-OsUOA
001 43265
007 ta
008 20061215b un ||||| |||| 00| 0 ukr d
100 _aГак В. Г.
090 _a81"36.133.1
_bГ14
942 _cBK
040 _aUA-OsUOA
_brus
_cUA-OsUOA
_dUA-OsUOA
245 _aТеоретическая грамматика французкого языка
300 _a862 с.
955 _a2
041 _arus
080 _a81"36.133.1
020 _a5-7913-0060-3
260 _aМ.
_bДобросвет
_c2004
650 7 _a8 Мовознавство. Художня література. Літературознавство
_2UDC
999 _c329396
_d329396